| 000 | 01021nam a22002657a 4500 | ||
|---|---|---|---|
| 001 | 4419 | ||
| 003 | FISKH | ||
| 005 | 20240829144244.0 | ||
| 008 | 240829b cb ||||| |||| 00| 0 eng d | ||
| 020 | _a9780439023528 | ||
| 040 |
_aFISKH _beng _cFISKH _dFISKH |
||
| 050 | _aPZ7.C6837 | ||
| 082 | _2813.6 | ||
| 100 |
_aCollins, Suzanne _d1962- |
||
| 245 |
_aThe hunger games _cBy Suzanne Collins |
||
| 250 | _aFirst Scholastic paperback printing, 2009 | ||
| 260 |
_aNew York : _bScholastic _c2008 |
||
| 300 |
_a374 pages : _billustrations ; _c21cm |
||
| 520 | _aIn a future North America, where the rulers of Panem maintain control through an annual televised survival competition pitting young people from each of the twelve districts against one another, sixteen-year-old Katniss's skills are put to the test when she voluntarily takes her younger sister's place. | ||
| 650 |
_2Fiction _aRomance _xFantasy |
||
| 650 |
_2Friendship _vAction |
||
| 700 |
_aFalco, Phil _dillustrator |
||
| 942 |
_2ddc _cBK _n0 |
||
| 999 |
_c4419 _d4419 |
||